[Event "Baku Open 2016"]
[Site "Baku AZE"]
[Date "2016.09.25"]
[Round "8.12"]
[White "Iskandarov, Misratdin"]
[Black "Mamedjarova, Zeinab"]
[Result "0-1"]
[WhiteTitle "IM"]
[BlackTitle "WGM"]
[WhiteElo "2423"]
[BlackElo "2295"]
[WhiteFideId "13400312"]
[BlackFideId "13401521"]
[EventDate "2016.09.18"]

1. c4 e6 2. Nf3 d5 3. g3 Nf6 4. Bg2 Be7 5. O-O O-O 6. b3 c5 7. d3 Nc6 8. Bb2 b6
9. cxd5 Nxd5 10. Qd2 Bb7 11. Nc3 Nxc3 12. Bxc3 Bf6 13. Rac1 Rc8 14. Bxf6 Qxf6
15. Rc4 Rcd8 16. Rfc1 Rd7 17. a3 Ne5 18. Nxe5 Qxe5 19. Bxb7 Rxb7 20. b4 cxb4 21.
axb4 h5 22. Re4 Qf6 23. b5 Rd8 24. Ra4 Qe5 25. Rb4 Rbd7 26. Qa2 Rc7 27. Rxc7
Qxc7 28. Ra4 Rd5 29. Rxa7 Qc1+ 30. Kg2 Rxb5 31. Qa4 Qc6+ 32. e4 Qc5 33. Rb7 h4
34. g4 h3+ 35. Kg3 Qd6+ 36. f4 g5 37. Qa8+ Kg7 38. Qa1+ Kg6 0-1

[Event "Baku Open 2016"]
[Site "Baku AZE"]
[Date "2016.09.25"]
[Round "8.13"]
[White "Gadimbayli, Abdulla"]
[Black "Bashirli, Nail"]
[Result "1/2-1/2"]
[WhiteTitle "FM"]
[BlackTitle "FM"]
[WhiteElo "2294"]
[BlackElo "2387"]
[WhiteFideId "13404938"]
[BlackFideId "13406809"]
[EventDate "2016.09.18"]

1. Nf3 Nf6 2. g3 g6 3. Bg2 Bg7 4. O-O O-O 5. d4 d5 6. c4 c6 7. Nc3 Bf5 8. Nh4
Bc8 9. Nf3 Bf5 10. Nh4 Bc8 11. Nf3 Bf5 1/2-1/2

[Event "Baku Open 2016"]
[Site "Baku AZE"]
[Date "2016.09.25"]
[Round "8.14"]
[White "Pirverdiyev, Agil"]
[Black "Idrisov, Tabriz"]
[Result "1-0"]
[WhiteElo "2343"]
[BlackElo "2289"]
[WhiteFideId "13400568"]
[BlackFideId "13402870"]
[EventDate "2016.09.18"]

1. c4 Nf6 2. Nc3 e6 3. d4 Bb4 4. Qc2 c5 5. dxc5 Bxc5 6. Nf3 Nc6 7. Bg5 Be7 8.
Rd1 Qa5 9. a3 d5 10. cxd5 exd5 11. e3 O-O 12. Be2 Rd8 13. Nd4 h6 14. Bh4 g5 15.
Bg3 Ne4 16. Nb3 Bf5 17. Nxa5 Nxg3 18. e4 1-0

[Event "Baku Open 2016"]
[Site "Baku AZE"]
[Date "2016.09.25"]
[Round "8.15"]
[White "Kazimova, Narmin"]
[Black "Soozankar, A.M."]
[Result "1/2-1/2"]
[WhiteTitle "WGM"]
[BlackTitle "FM"]
[WhiteElo "2302"]
[BlackElo "2329"]
[WhiteFideId "13402951"]
[BlackFideId "12503029"]
[EventDate "2016.09.18"]

1. Nf3 d5 2. d4 Nf6 3. c4 e6 4. Nc3 c6 5. e3 Nbd7 6. Bd3 dxc4 7. Bxc4 b5 8. Bd3
Bd6 9. O-O O-O 10. Ng5 Bb7 11. Qf3 h6 12. Nge4 Nxe4 13. Nxe4 c5 14. Nf6+ Nxf6 1/2-1/2

[Event "Baku Open 2016"]
[Site "Baku AZE"]
[Date "2016.09.25"]
[Round "8.16"]
[White "Guliev, Logman"]
[Black "Paramzina, Anastasya"]
[Result "0-1"]
[WhiteTitle "IM"]
[BlackTitle "WFM"]
[WhiteElo "2390"]
[BlackElo "2164"]
[WhiteFideId "13400061"]
[BlackFideId "4165012"]
[EventDate "2016.09.18"]

1. e4 c5 2. Nf3 d6 3. d4 cxd4 4. Nxd4 Nf6 5. Nc3 a6 6. f4 e5 7. Nf3 Qc7 8. Bd3
Be7 9. O-O Nbd7 10. Kh1 O-O 11. Qe1 Nc5 12. Be3 Re8 13. Rd1 b5 14. a3 Bb7 15.
fxe5 dxe5 16. Bg5 Nh5 17. Qh4 Nf4 18. Qg4 Bxg5 19. Nxg5 h6 20. Nf3 f5 21. exf5
e4 22. Ne1 g5 23. fxg6 Rf8 24. Be2 h5 25. Qg5 Kg7 26. h3 Nce6 27. Qg3 Rf5 28.
Qe3 Raf8 29. Rg1 Rg5 30. Nxe4 Nxe2 31. Nxg5 Nxg5 32. Rd3 Ne4 33. Rd7+ Qxd7 0-1

[Event "Baku Open 2016"]
[Site "Baku AZE"]
[Date "2016.09.25"]
[Round "8.17"]
[White "Mammadova, Narmin"]
[Black "Guliev, Sarhan"]
[Result "1-0"]
[WhiteTitle "WIM"]
[BlackTitle "GM"]
[WhiteElo "2230"]
[BlackElo "2416"]
[WhiteFideId "13403710"]
[BlackFideId "13400231"]
[EventDate "2016.09.18"]

1. e4 e5 2. Nf3 Nc6 3. Nc3 Nf6 4. Be2 g6 5. d4 exd4 6. Nxd4 d6 7. Bg5 Bg7 8. O-O
h6 9. Nxc6 bxc6 10. Bh4 O-O 11. f4 Qe8 12. Bf3 Nd7 13. e5 d5 14. Rb1 Bb7 15. b4
g5 16. fxg5 hxg5 17. Bxg5 Qxe5 18. Bd2 Nb6 19. Ne2 Ba6 20. Rf2 Nc4 21. Bc3 Qg5
22. Bxg7 Kxg7 23. Qd4+ f6 24. Nf4 Rae8 25. Bh5 Re4 26. Qxe4 dxe4 27. Ne6+ Kh6
28. Nxg5 e3 29. Nf7+ Kxh5 30. Rxf6 Nd6 31. Rh6+ Kg4 32. h3+ Kf5 33. Nxd6+ cxd6
34. Rxd6 Bb5 35. a4 Ke5 36. Rh6 Bc4 37. Rxc6 Bd5 38. Rc3 1-0

[Event "Baku Open 2016"]
[Site "Baku AZE"]
[Date "2016.09.25"]
[Round "8.18"]
[White "Karayev, Kanan"]
[Black "Sadikhov, Ulvi"]
[Result "0-1"]
[WhiteTitle "CM"]
[BlackTitle "IM"]
[WhiteElo "2266"]
[BlackElo "2409"]
[WhiteFideId "13406671"]
[BlackFideId "13401416"]
[EventDate "2016.09.18"]

1. e4 d6 2. Nc3 Nf6 3. Bc4 c6 4. Bb3 b5 5. a3 Nbd7 6. d3 e5 7. f4 Nc5 8. Nf3
Nxb3 9. cxb3 exf4 10. Bxf4 Be7 11. O-O O-O 12. Kh1 a6 13. Nd4 Bd7 14. b4 c5 15.
Nc2 Be6 16. Ne3 cxb4 17. axb4 d5 18. e5 Ne8 19. Nc2 Nc7 20. Nd4 Qd7 21. Qb3 h5
22. Nce2 h4 23. Be3 Bg4 24. Rac1 Ne6 25. Nf4 Nxf4 26. Bxf4 Rac8 27. Ra1 h3 28.
gxh3 Bxh3 29. Rg1 Bh4 30. Rxg7+ Kxg7 31. Rg1+ Kh8 32. Qd1 f5 33. Qh5+ Qh7 34.
Bh6 Bf2 35. Bg7+ Kg8 36. Qg5 Rf7 37. Bf6+ Kf8 38. Ne6+ Ke8 39. Rc1 Kd7 40. Rxc8
Kxc8 41. Nf4 Rc7 42. Nxd5 Qh5 43. Qg8+ Kb7 0-1

[Event "Baku Open 2016"]
[Site "Baku AZE"]
[Date "2016.09.25"]
[Round "8.19"]
[White "Aghayev, Nijat"]
[Black "Mamedjarova, Turkan"]
[Result "1-0"]
[WhiteTitle "IM"]
[BlackTitle "WGM"]
[WhiteElo "2342"]
[BlackElo "2304"]
[WhiteFideId "13402048"]
[BlackFideId "13402005"]
[EventDate "2016.09.18"]

1. c4 Nf6 2. Nf3 e6 3. g3 d5 4. b3 Bd6 5. Bb2 O-O 6. Bg2 c5 7. e3 Nc6 8. O-O b6
9. Nc3 Bb7 10. cxd5 exd5 11. d4 Ba6 12. Re1 c4 13. bxc4 Bxc4 14. Nd2 Rc8 15. e4
Bb4 16. e5 Nd7 17. Nxc4 dxc4 18. Re4 Re8 19. Qh5 Nf8 20. Rd1 g6 21. Qe2 Ne7 22.
d5 Bxc3 23. Bxc3 Nxd5 24. Qf3 Ne6 25. Rh4 Nec7 26. Rxc4 Qe7 27. Rxd5 Nxd5 28.
Qxd5 Rcd8 29. Qf3 Qe6 30. Rc6 Qxa2 31. h4 Qb3 32. Qf6 Qb1+ 33. Kh2 Qf5 34. e6
Qxf6 35. Bxf6 Rd2 36. Rc7 fxe6 37. Rg7+ Kf8 38. Rxh7 Rxf2 39. Bg5 a5 40. Kh3 a4
41. Bc6 Kg8 42. Ra7 Rc8 43. Bd7 Rc3 44. Bxe6+ Kf8 45. Be7+ Ke8 46. Bd6 1-0

[Event "Baku Open 2016"]
[Site "Baku AZE"]
[Date "2016.09.25"]
[Round "8.20"]
[White "Fendereski, Nima"]
[Black "Bagheri, Maziar"]
[Result "0-1"]
[WhiteElo "2238"]
[BlackElo "2361"]
[WhiteFideId "12533807"]
[BlackFideId "12530913"]
[EventDate "2016.09.18"]

1. e4 e5 2. Nf3 Nc6 3. Bb5 a6 4. Bxc6 dxc6 5. O-O Bg4 6. h3 Bxf3 7. Qxf3 Qf6 8.
Qxf6 Nxf6 9. d3 Bd6 10. Nd2 O-O-O 11. Nc4 Nd7 12. Be3 f6 13. Rad1 Rhe8 14. f3 c5
15. Nxd6+ cxd6 16. c4 b5 17. b3 Kb7 18. Ra1 Nb8 19. Kf2 Nc6 20. Ke2 Rd7 21. a4
bxc4 22. bxc4 Rb8 23. Rfb1+ Kc8 24. Rxb8+ Kxb8 25. Kd2 Rb7 26. Kc2 Kc7 27. a5
Kd7 28. Ra4 Ke6 29. Ra1 g6 30. Bg1 f5 31. Be3 Kf6 32. Ra3 f4 33. Bf2 Kg5 34. Bg1
Rb4 35. Bf2 Kh5 36. Be1 Rb7 37. Bf2 g5 38. Kc1 Nd4 39. Be1 h6 40. Bc3 Ne2+ 41.
Kc2 Nxc3 42. Rxc3 Kh4 0-1

[Event "Baku Open 2016"]
[Site "Baku AZE"]
[Date "2016.09.25"]
[Round "8.21"]
[White "Miroshnichenko, Pavel"]
[Black "Derakhshani, Borna"]
[Result "1-0"]
[BlackTitle "FM"]
[WhiteElo "2281"]
[BlackElo "2244"]
[WhiteFideId "4188659"]
[BlackFideId "12518450"]
[EventDate "2016.09.18"]

1. e4 g6 2. d4 Bg7 3. h4 h6 4. Nc3 d6 5. h5 g5 6. Bc4 Nc6 7. Be3 Nf6 8. f3 Nd7
9. Nge2 Nb6 10. Bd3 e5 11. d5 Ne7 12. g4 c5 13. dxc6 bxc6 14. Ng3 Rb8 15. Qd2 f6
16. Rd1 Be6 17. b3 O-O 18. a4 Qc7 19. O-O Rbd8 20. Qf2 Rd7 21. a5 Nbc8 22. b4 d5
23. Na4 d4 24. Bc1 Bf7 25. Nc5 Rdd8 26. Qe2 Nd6 27. Bd2 Rfe8 28. Rb1 Bf8 29.
Rfc1 Nb7 30. Na6 Qd7 31. b5 c5 32. b6 axb6 33. Rxb6 Nxa5 34. Bxa5 Qa4 35. Qe1 c4
36. Nc5 1-0

[Event "Baku Open 2016"]
[Site "Baku AZE"]
[Date "2016.09.25"]
[Round "8.22"]
[White "Aliyev, Ravan"]
[Black "Fataliyeva, Ulviyya"]
[Result "1-0"]
[BlackTitle "WIM"]
[WhiteElo "2225"]
[BlackElo "2234"]
[WhiteFideId "13409980"]
[BlackFideId "13403052"]
[EventDate "2016.09.18"]

1. d4 e6 2. c4 Nf6 3. Nf3 d5 4. e3 c5 5. Nc3 a6 6. dxc5 Bxc5 7. a3 O-O 8. cxd5
exd5 9. Be2 Nc6 10. O-O Qd6 11. b4 Ba7 12. Bb2 Bb8 13. g3 Rd8 14. Qc2 Ba7 15.
Rfd1 Qe7 16. b5 axb5 17. Nxb5 Bb6 18. Nbd4 Bd7 19. Rac1 Nxd4 20. Bxd4 Bxd4 21.
Rxd4 Qxa3 22. Rd3 Qa5 23. Qb2 Ne4 24. Nd4 Rdc8 25. Rxc8+ Rxc8 26. Rd1 Qc7 27.
Ra1 h6 28. Bf1 Qc3 29. Rb1 Qxb2 30. Rxb2 Rc1 31. Kg2 Bc8 32. Bd3 Kf8 33. h4 Ke7
34. Rb6 Kd8 35. f3 Kc7 36. Rb5 Nc5 37. Ne2 Nxd3 38. Nxc1 Kc6 39. Rb1 Nc5 40. Ne2
b6 41. Nd4+ Kc7 42. g4 Ba6 43. Kf2 Bd3 44. Ra1 b5 45. Ra7+ Kb6 46. Rxf7 b4 47.
Rxg7 b3 48. Nxb3 Nxb3 49. g5 hxg5 50. h5 Nc5 51. h6 Ne6 52. h7 Bxh7 53. Rxh7 Kc5
54. Rh6 Kd6 55. Kg3 Ke5 56. Kg4 Nd8 57. Rh8 Nf7 58. Rf8 Nd6 59. Kxg5 Nc4 60.
Re8+ Kd6 61. Kf4 Kd7 62. Ra8 Ke6 63. Ra1 Kd6 64. Rd1 Nb2 65. Rd4 Kc5 66. Rd2 Nc4
67. Rh2 Kd6 68. Rh5 Ke6 69. e4 d4 70. Rd5 1-0

[Event "Baku Open 2016"]
[Site "Baku AZE"]
[Date "2016.09.25"]
[Round "8.24"]
[White "Muradli, Mahammad"]
[Black "Zherebtsova, Alexandra"]
[Result "1/2-1/2"]
[WhiteTitle "FM"]
[BlackTitle "WFM"]
[WhiteElo "2331"]
[BlackElo "2159"]
[WhiteFideId "13409301"]
[BlackFideId "24129518"]
[EventDate "2016.09.18"]

1. d4 Nf6 2. Nf3 d5 3. c4 e6 4. Nc3 c6 5. Bg5 dxc4 6. e4 b5 7. e5 h6 8. Bh4 g5
9. Nxg5 hxg5 10. Bxg5 Be7 11. exf6 Bxf6 12. Bxf6 Qxf6 13. g3 Bb7 14. Bg2 Qe7 15.
O-O Na6 16. b3 b4 17. Ne2 O-O-O 18. bxc4 c5 19. a3 Bxg2 20. Kxg2 Qb7+ 21. f3 e5
22. d5 Qd7 23. h4 Rdg8 24. axb4 Rg6 25. bxc5 Nxc5 26. Qc2 Rxh4 27. Rh1 Rxh1 28.
Rxh1 Kd8 29. Qb2 Qc7 30. Rh5 Nd7 31. Qb4 Rg8 32. Rh6 a5 33. Qb5 Rg6 34. Rxg6
fxg6 35. Nc3 Qb6 36. Qxb6+ Nxb6 37. c5 Nd7 38. c6 Nf6 39. d6 Ne8 40. Ne4 a4 41.
d7 Ng7 42. Nc5 Kc7 43. Na6+ Kd8 44. Nc5 Kc7 45. Nxa4 Ne6 46. Nb2 Nd8 47. Kh3
Nxc6 48. Kg4 Kxd7 49. Nc4 Ke6 50. Kg5 Nd4 51. Nxe5 Kxe5 52. f4+ Ke4 53. Kxg6 Kf3
54. f5 Nxf5 55. Kxf5 Kxg3 1/2-1/2

[Event "Baku Open 2016"]
[Site "Baku AZE"]
[Date "2016.09.25"]
[Round "8.25"]
[White "Rayes, Abdul Kader"]
[Black "Soyunlu, Narmin"]
[Result "1/2-1/2"]
[WhiteElo "2254"]
[BlackElo "2095"]
[WhiteFideId "7600801"]
[BlackFideId "13400843"]
[EventDate "2016.09.18"]

1. d4 e6 2. e4 d5 3. Nc3 Nf6 4. Bg5 Be7 5. e5 Nfd7 6. h4 h6 7. Bxe7 Qxe7 8. Qg4
g6 9. O-O-O h5 10. Qf4 a6 11. Nf3 c5 12. dxc5 Nc6 13. Bd3 Nxc5 14. Kb1 Bd7 15.
Rhe1 O-O-O 16. Ne2 Kb8 17. Ned4 Rc8 18. Re3 Nb4 19. Qg5 Qe8 20. Ree1 Ncxd3 21.
cxd3 Ba4 22. Rd2 a5 23. a3 Na6 24. Qf4 Rc7 25. b3 Bb5 26. Rc1 Rxc1+ 27. Kxc1 Qd7
28. Ne1 Nc5 29. Qe3 Rc8 30. Rc2 Ba6 31. Kb2 Rc7 32. Qd2 Qd8 33. g3 Rc8 34. Ka2
Qb6 35. Qc3 Rc7 36. b4 axb4 37. axb4 Nxd3 38. Qxc7+ Qxc7 39. Rxc7 Kxc7 40. Nxd3
Bxd3 41. Kb2 Kd7 42. Kc3 Bf1 43. Kd2 Ke7 44. Ke3 f6 45. f4 Bc4 46. Kd2 f5 47.
Kc3 Kd7 48. Kb2 b6 49. Kc3 Bf1 50. Kd2 Bc4 51. Ke3 Bf1 52. Nf3 Ke7 53. Kd2 Bc4
54. Kc2 Kd7 55. Kb2 Bd3 56. Ka3 Bc4 57. Ka4 Bd3 58. Nd4 1/2-1/2

[Event "Baku Open 2016"]
[Site "Baku AZE"]
[Date "2016.09.26"]
[Round "9.1"]
[White "Lupulescu, Constantin"]
[Black "Bogdanovich, Stanislav"]
[Result "1/2-1/2"]
[WhiteTitle "GM"]
[BlackTitle "IM"]
[WhiteElo "2618"]
[BlackElo "2591"]
[WhiteFideId "1207822"]
[BlackFideId "14115298"]
[EventDate "2016.09.18"]

1. d4 Nf6 2. c4 e6 3. Nc3 Bb4 4. Qc2 Nc6 5. Nf3 d6 6. Bd2 O-O 7. a3 Bxc3 8. Bxc3
Qe7 9. e3 e5 10. dxe5 dxe5 11. h3 Rd8 12. Be2 a5 13. b3 g6 14. Qb2 Re8 15. Nd2
b6 16. O-O Bb7 17. b4 Nd7 18. Bf3 Nd8 19. bxa5 Bxf3 20. Nxf3 bxa5 21. Rfd1 f6
22. Qd2 Nc5 23. Rab1 Ndb7 24. Qc2 c6 25. Nd2 Qc7 26. Ne4 Kg7 27. Nxc5 Nxc5 28.
Be1 Red8 29. Qc3 Kf7 30. Kf1 Qc8 31. Qc2 Qc7 32. Qc3 Ke6 33. Rxd8 Qxd8 34. Ke2
Ra7 35. f3 a4 36. Qc2 Nb3 37. Rd1 Rd7 38. Bb4 f5 39. Rxd7 Qxd7 40. Qd1 Qxd1+ 41.
Kxd1 f4 42. exf4 exf4 43. Kc2 Nd4+ 44. Kd3 Nf5 45. Be1 g5 46. Bf2 Ke5 47. Be1
Ke6 48. Bf2 Kf6 49. Kc3 Ke5 50. Kb4 Ne3 51. Kxa4 Nxc4 52. Kb4 Kd5 53. a4 Ne3 54.
Bxe3 fxe3 55. Kc3 e2 56. Kd2 Kc4 57. g3 c5 58. a5 Kb3 59. a6 c4 60. a7 c3+ 61.
Kxe2 c2 62. a8=Q c1=Q 63. Qd5+ Ka3 64. Qd3+ Kb4 65. Qd2+ Qxd2+ 66. Kxd2 Kc4 67.
Ke3 Kd5 68. Kd3 Ke5 69. Kc4 Ke6 70. Kd4 Kd6 71. Ke4 Ke6 72. Kd4 Kd6 73. Ke4 Ke6
74. g4 Kf6 75. Kd5 Kf7 76. Ke5 Kg7 77. Kf5 Kh6 78. Ke5 Kg7 79. Kf5 Kh6 80. f4
gxf4 81. Kxf4 Kg6 82. h4 Kf6 83. Ke4 Ke6 84. g5 h6 85. Kf4 hxg5+ 86. hxg5 Kf7
87. Kf5 Kg7 88. g6 Kg8 89. Kf6 Kh8 90. g7+ Kg8 91. Kg6 1/2-1/2

[Event "Baku Open 2016"]
[Site "Baku AZE"]
[Date "2016.09.26"]
[Round "9.2"]
[White "Artemiev, Vladislav"]
[Black "Bajarani, Ulvi"]
[Result "1-0"]
[WhiteTitle "GM"]
[BlackTitle "GM"]
[WhiteElo "2663"]
[BlackElo "2509"]
[WhiteFideId "24101605"]
[BlackFideId "13403028"]
[EventDate "2016.09.18"]

1. Nf3 d5 2. c4 c6 3. g3 g6 4. Qa4 dxc4 5. Qxc4 Bg7 6. Bg2 e5 7. O-O Ne7 8. Nc3
O-O 9. d3 Nd7 10. Ne4 Nb6 11. Qc5 Nbd5 12. Nd6 b6 13. Qa3 Bd7 14. Nc4 f6 15. Bd2
c5 16. e4 Nc7 17. b4 Ne6 18. bxc5 bxc5 19. Be3 Qc7 20. Rfc1 Rfc8 21. Ncd2 Bf8
22. d4 exd4 23. Nxd4 cxd4 24. Rxc7 Rxc7 25. Bf4 Rc3 26. Qa6 Bc8 27. Qa4 Bb7 28.
Qd7 Bc8 29. Qa4 Bb7 30. Bd6 Rd8 31. e5 Bxg2 32. Kxg2 f5 33. Bb4 Rcc8 34. Qb3 Rc6
35. Bd6 1-0

[Event "Baku Open 2016"]
[Site "Baku AZE"]
[Date "2016.09.26"]
[Round "9.3"]
[White "Abasov, Nijat"]
[Black "Amin, Bassem"]
[Result "1/2-1/2"]
[WhiteTitle "GM"]
[BlackTitle "GM"]
[WhiteElo "2552"]
[BlackElo "2661"]
[WhiteFideId "13402960"]
[BlackFideId "10601457"]
[EventDate "2016.09.18"]

1. d4 Nf6 2. Bg5 Ne4 3. Bf4 d5 4. e3 c5 5. Bd3 Nf6 6. c3 Nc6 7. Nd2 Qb6 8. b3
Bg4 9. Ngf3 Qa5 10. Qc2 cxd4 11. b4 Qd8 12. exd4 e6 13. Ne5 Nxe5 14. dxe5 Nd7
15. O-O Rc8 16. Qb3 Be7 17. c4 O-O 18. Rac1 dxc4 19. Nxc4 Nb6 20. Nd6 Bxd6 21.
exd6 Qf6 22. Be3 Qe5 1/2-1/2

[Event "Baku Open 2016"]
[Site "Baku AZE"]
[Date "2016.09.26"]
[Round "9.4"]
[White "Sjugirov, Sanan"]
[Black "Alavi, Sayed Javad"]
[Result "1-0"]
[WhiteTitle "GM"]
[BlackTitle "IM"]
[WhiteElo "2653"]
[BlackElo "2453"]
[WhiteFideId "4189302"]
[BlackFideId "12500607"]
[EventDate "2016.09.18"]

1. d4 Nf6 2. c4 e6 3. Nc3 d5 4. cxd5 Nxd5 5. e4 Nxc3 6. bxc3 c5 7. Rb1 Be7 8.
Bb5+ Bd7 9. Nf3 cxd4 10. cxd4 Bxb5 11. Rxb5 b6 12. O-O O-O 13. d5 Qd7 14. Rb3
exd5 15. exd5 Bf6 16. Qd3 Re8 17. Bf4 Qg4 18. Qb5 Nd7 19. Bd6 Qf5 20. h3 h5 21.
Rc1 Rac8 22. Rc6 Nf8 23. Bc7 Re7 24. d6 Qxb5 25. Rxb5 Rd7 26. Rxh5 Ne6 27. Ne5
Bxe5 28. Rxe5 Kf8 29. Rh5 Kg8 30. Rh4 Nd8 31. Rcc4 Ne6 32. Rc6 Nd8 33. Rcc4 Ne6
34. g3 Nxc7 35. Rc6 Rb8 36. dxc7 Rc8 37. Rhc4 Kf8 38. h4 Ke7 39. Re4+ Kf8 40.
Rec4 Ke7 41. Rc2 Rd5 42. Kg2 Kd7 43. g4 a5 44. h5 a4 45. Rxb6 Rd4 46. Kg3 Rxc7
47. Rxc7+ Kxc7 48. Rb5 Rd3+ 49. f3 Kd6 50. Rg5 Ra3 51. Rxg7 Ke7 52. h6 1-0

[Event "Baku Open 2016"]
[Site "Baku AZE"]
[Date "2016.09.26"]
[Round "9.5"]
[White "Lenderman, Aleksandr"]
[Black "Golubov, Saveliy"]
[Result "1/2-1/2"]
[WhiteTitle "GM"]
[BlackTitle "IM"]
[WhiteElo "2600"]
[BlackElo "2481"]
[WhiteFideId "2021285"]
[BlackFideId "24176729"]
[EventDate "2016.09.18"]

1. d4 Nf6 2. c4 g6 3. Nc3 Bg7 4. e4 d6 5. Nf3 O-O 6. Be2 Nbd7 7. O-O e5 8. Be3
Re8 9. d5 Nh5 10. g3 Bf8 11. Kg2 Ng7 12. Bh6 Be7 13. h4 f5 14. h5 fxe4 15. Nxe4
Nxh5 16. Nfg5 Ndf6 17. Nxf6+ Nxf6 18. Rh1 Bf8 19. Qd2 Qe7 20. Rh4 e4 21. Qe3
Bxh6 22. Rxh6 Qe5 23. Nxh7 Nxh7 24. Rxg6+ Kh8 25. Rh1 Re7 26. Rh5 Bf5 27. Qh6
Rf7 28. g4 e3 29. Rxf5 Rxf5 30. gxf5 Rf8 31. f6 Qe4+ 32. Kh2 Rf7 33. fxe3 Qc2
34. Qh5 Qxb2 35. Rh6 Qc2 36. Kg3 Rf8 37. Bg4 Qe4 38. Qg5 Rg8 39. Qf4 Qb1 40. Rh2
Qg1+ 41. Rg2 Qe1+ 42. Qf2 Qxf2+ 43. Rxf2 Rf8 44. Bf5 Nxf6 45. Rh2+ Kg7 46. e4
Kf7 47. Kf4 Ke7 48. e5 dxe5+ 49. Kxe5 Nd7+ 50. Ke4 1/2-1/2

[Event "Baku Open 2016"]
[Site "Baku AZE"]
[Date "2016.09.26"]
[Round "9.6"]
[White "Mammadov, Zaur"]
[Black "Idani, Pouya"]
[Result "0-1"]
[WhiteTitle "GM"]
[BlackTitle "GM"]
[WhiteElo "2437"]
[BlackElo "2543"]
[WhiteFideId "13401033"]
[BlackFideId "12510130"]
[EventDate "2016.09.18"]

1. e4 c5 2. c3 Nf6 3. e5 Nd5 4. Bc4 Nb6 5. Bb3 d6 6. Nf3 c4 7. Ba4+ Nc6 8. d4
cxd3 9. Bxc6+ bxc6 10. Qxd3 a5 11. exd6 Qxd6 12. Qxd6 exd6 13. O-O f6 14. Re1+
Kf7 15. Na3 d5 16. Nc2 Na4 17. Nfd4 Bd7 18. Ne2 Nc5 19. Rd1 Be7 20. Be3 Rhb8 21.
b3 Be8 22. Ncd4 g6 23. Rac1 Ne4 24. Nf3 Rd8 25. Ne1 c5 26. f3 Ng5 27. Nf4 Bc6
28. h4 Ne6 29. Nxe6 Kxe6 30. Nd3 c4 31. Bc5 Bd6 32. Bxd6 cxd3 33. Bc5 Bb5 34.
Rd2 Rdc8 35. Re1+ Kd7 36. Bd4 Rc6 37. Kf2 a4 38. bxa4 Rxa4 39. Rb1 Ba6 40. Rb6
Rxb6 41. Bxb6 Rxh4 42. Bd4 f5 43. Rd1 g5 44. Bf6 Ra4 45. Bxg5 Rxa2+ 46. Rd2 Ra3
47. Bf6 Ke6 48. Bd4 f4 49. g3 fxg3+ 50. Kxg3 Kf5 51. Rh2 Kg6 52. Kf4 Ra1 53.
Rg2+ Kf7 54. Rh2 Kg6 55. Rg2+ Kf7 56. Rh2 h5 57. Be3 Ra4+ 58. Kg5 d4 59. cxd4
Ra5+ 60. Kh6 Rf5 61. Bg5 Bb7 62. Kxh5 Bxf3+ 63. Kh4 Be2 64. Bd2 Ke6 65. Kg3 Rf3+
66. Kg2 Rf7 67. Rh4 Rf1 68. Rh1 Rf7 69. Rh4 Kd5 70. Rf4 Re7 71. Kf2 Bd1 72. Kf1
Re2 73. Rf2 Re8 74. Rf4 Kc4 75. Be1 Re2 76. d5+ Kxd5 77. Rf8 Ba4 78. Rf5+ Kc4
79. Rf4+ Kb3 80. Rd4 Bb5 81. Rf4 Re4 82. Rf5 Kc2 83. Rc5+ Bc4 84. Kf2 Re2+ 85.
Kf1 Rxe1+ 86. Kxe1 d2+ 87. Kf2 d1=Q 88. Rxc4+ Kd3 89. Rh4 Qe2+ 90. Kg3 Ke3 91.
Rh3 Qf2+ 92. Kg4+ Ke4 93. Rg3 Qf5+ 94. Kh4 Qh7+ 95. Kg4 Qh6 96. Rg2 Qg6+ 97. Kh3
Qh5+ 98. Kg3 Ke3 99. Rg1 Qg5+ 100. Kh2 Qh4+ 101. Kg2 Qg4+ 102. Kh2 Qh4+ 103. Kg2
Ke2 0-1

[Event "Baku Open 2016"]
[Site "Baku AZE"]
[Date "2016.09.26"]
[Round "9.7"]
[White "Rasulov, Vugar"]
[Black "Hesham, Abdelrahman"]
[Result "1-0"]
[WhiteTitle "GM"]
[BlackTitle "GM"]
[WhiteElo "2487"]
[BlackElo "2419"]
[WhiteFideId "13402390"]
[BlackFideId "10600183"]
[EventDate "2016.09.18"]

1. d4 d5 2. Nf3 Nf6 3. c4 e6 4. Nc3 c6 5. e3 Nbd7 6. Qc2 Bd6 7. Be2 dxc4 8. Bxc4
b5 9. Be2 O-O 10. O-O a6 11. Ng5 Qc7 12. e4 Bxh2+ 13. Kh1 c5 14. e5 cxd4 15.
exf6 Nxf6 16. f4 h6 17. Nh3 Bg3 18. Qd3 dxc3 19. Qxg3 b4 20. bxc3 bxc3 21. Nf2
Bb7 22. Be3 Rfd8 23. Rac1 Qa5 24. f5 Qxf5 25. Rxc3 Nd5 26. Rc4 Nxe3 27. Qxe3
Rac8 28. Rg4 Rc2 29. Rg3 Rdd2 30. Ng4 Qh5+ 31. Kg1 Rxe2 32. Qxe2 Qg6 33. Qd1 1-0

[Event "Baku Open 2016"]
[Site "Baku AZE"]
[Date "2016.09.26"]
[Round "9.8"]
[White "Mamedjarova, Zeinab"]
[Black "Bayramov, Elvin"]
[Result "1/2-1/2"]
[WhiteTitle "WGM"]
[WhiteElo "2295"]
[BlackElo "2263"]
[WhiteFideId "13401521"]
[BlackFideId "13406655"]
[EventDate "2016.09.18"]

1. d4 Nf6 2. Nf3 g6 3. Nc3 Bg7 4. e4 d6 5. Bg5 O-O 6. Qd2 Bg4 7. Bh6 Nc6 8.
O-O-O e5 9. Bxg7 Kxg7 10. dxe5 dxe5 11. Qe3 Qe7 12. Nd5 Nxd5 13. exd5 Nb8 14.
Be2 Bxf3 15. Bxf3 Qd6 16. h4 h6 17. Bg4 f5 18. Bh3 Nd7 19. Rhf1 Rae8 20. g3 Nc5
21. Bg2 a5 22. f4 Nd7 23. Rde1 exf4 24. Qc3+ Nf6 25. gxf4 Rxe1+ 26. Qxe1 Qc5 27.
Bf3 Re8 28. Qd2 h5 29. c3 b5 30. Re1 Rd8 31. Re5 b4 32. Qd4 Qxd4 33. cxd4 Kf7
34. Kc2 Ne8 35. Kd3 Nd6 36. Bd1 Ne4 37. d6 Nf2+ 38. Ke2 Nxd1 39. dxc7 Rc8 40.
Kxd1 Rxc7 41. Rxa5 Rc4 1/2-1/2

[Event "Baku Open 2016"]
[Site "Baku AZE"]
[Date "2016.09.26"]
[Round "9.9"]
[White "Bodnaruk, Anastasia"]
[Black "Abdulov, Orkhan"]
[Result "1/2-1/2"]
[WhiteTitle "IM"]
[BlackTitle "IM"]
[WhiteElo "2465"]
[BlackElo "2372"]
[WhiteFideId "4181751"]
[BlackFideId "13402714"]
[EventDate "2016.09.18"]

1. e4 g6 2. d4 Bg7 3. Nc3 d6 4. f4 Nf6 5. Nf3 O-O 6. Bd3 Nc6 7. O-O e5 8. fxe5
dxe5 9. d5 Ne7 10. Nxe5 c6 11. Bg5 cxd5 12. exd5 Nexd5 13. Nxd5 Qxd5 14. Qf3
Qc5+ 15. Qf2 Ne4 16. Qxc5 Nxc5 17. Bf6 Bxf6 18. Rxf6 Nxd3 19. Nxd3 Bf5 20. Rd6
Rac8 21. Rc1 Rfe8 22. Kf2 Rc4 23. c3 1/2-1/2